000 00889cam a2200265 i 4500
008
020 _a9780321939968 (pbk.)
049 _aMAIN
090 _aGB5014
_bKEL
100 1 _aKeller, Edward A.
245 1 0 _aNatural hazards :
_bearth's processes as hazards, disasters, and catastrophes /
_cEdward A. Keller; Duane E. DeVecchio ; with assistance from Robert H. Blodgett.
250 _a4th ed.
260 _aBoston :
_bPearson,
_c2015.
300 _axx, 554 p. :
_bill. (chiefly col.) ;
_c28 cm.
500 _aIncludes index.
504 _aIncludes bibliographical references.
650 0 _aNatural disasters.
700 1 _aDeVecchio, Duane E.
_q(Duane Edward).
700 1 _aBlodgett, Robert H.
907 _a.b10382537
_b15-09-17
_c15-09-17
003
005 20230123122255.0
040 _cNUST
942 _cBOOKS
_kGB5014
_mKEL
999 _c130808
_d130808